All Incorporated Municipalities of Rockland County, New York - Statistics

General Stats
  • This quiz has been taken 34 times
  • The average score is 11 of 23
Answer Stats
Answer % Correct
Nyack
91%
Ramapo
65%
Haverstraw
61%
Haverstraw
61%
Stony Point
61%
Suffern
61%
Orangetown
57%
Clarkstown
52%
Spring Valley
52%
Upper Nyack
52%
West Haverstraw
48%
Airmont
43%
Montebello
43%
Hillburn
39%
Kaser
39%
Pomona
39%
Chestnut Ridge
35%
New Hempstead
35%
New Square
35%
Sloatsburg
35%
Piermont
30%
Wesley Hills
30%
Grand View-on-Hudson
26%
No matching quizzes found
Score Distribution
Percent of People with Each Score
Percentile by Number Answered
Your Score History
You have not taken this quiz